00882nam a2200253Ia 450000500170000000800270001702000180004410000300006224500730009225000350016530000260020053400140022660000590024065000410029965000390034065000330037970000550041226400270046733600270049433700330052133800280055404000350058208400110061720220317000336.0141031s9999 ck 000 0 spa d a97884206534261 aJoyce, James, d1882-194110aDublineses cJames Joyce ; traducción de Guillermo Cabrera Infante a3a ediciónb2a reimpresión a232 páginasc23 cm. tDubliners14aJoyce, Jamesd1882-1941 xCrítica e Interpretación142LEMBaLiteratura irlandesaySiglo XX142LEMBaCuentos irlandesesySiglo XX142LEMBaHistorias de aventuras1 aCabrera Infante, Guillermo, d1929-2005etraductor aMadrid bAlianzac2013 atextobtxt2rdacontent asin mediaciónbn2rdamedia avolumenbnc2rdacarrier aCO-BoRNBPbspaerdacCO-BoRNBP aC JOY1